ঢ়
ক্ষ
ড়
ঢ়
য়
র-ফলা‌‌‌
 
 
য-ফলা
ি
 
 
রেফ
 
 
 
যুক্ত করুন/হসন্ত
Space
Enter

Marketing management / (Record no. 6093)

000 -LEADER
fixed length control field 00700nam a2200241 a 4500
001 - CONTROL NUMBER
control field 9777
003 - CONTROL NUMBER IDENTIFIER
control field BD-DhUAP
005 - DATE AND TIME OF LATEST TRANSACTION
control field 20201224140702.0
008 - FIXED-LENGTH DATA ELEMENTS--GENERAL INFORMATION
fixed length control field 201224s2006 ii a b 001 0 eng d
020 ## - INTERNATIONAL STANDARD BOOK NUMBER
International Standard Book Number 8120327993
040 ## - CATALOGING SOURCE
Original cataloging agency DLC
Transcribing agency DLC
Modifying agency BD-DhUAP
Language of cataloging eng
082 00 - DEWEY DECIMAL CLASSIFICATION NUMBER
Classification number 658.8 KOT
Edition number 23
100 ## - MAIN ENTRY--PERSONAL NAME
Personal name Kotler, Philip.
245 10 - TITLE STATEMENT
Title Marketing management /
Statement of responsibility, etc. Philip Kotler and Kevin Lane Keller.
250 ## - EDITION STATEMENT
Edition statement 12th ed.
260 ## - PUBLICATION, DISTRIBUTION, ETC.
Place of publication, distribution, etc. New Delhi :
Name of publisher, distributor, etc. Prentice Hall,
Date of publication, distribution, etc. c2006.
300 ## - PHYSICAL DESCRIPTION
Extent various pages :
Other physical details illustrations ;
Dimensions 28 cm.
504 ## - BIBLIOGRAPHY, ETC. NOTE
Bibliography, etc. note Includes bibliographical references and index.
650 #0 - SUBJECT ADDED ENTRY--TOPICAL TERM
Topical term or geographic name entry element Marketing
General subdivision Management.
700 1# - ADDED ENTRY--PERSONAL NAME
Personal name Keller, Kevin Lane.
942 00 - ADDED ENTRY ELEMENTS (KOHA)
Source of classification or shelving scheme
Koha item type Book
Holdings
Withdrawn status Lost status Source of classification or shelving scheme Damaged status Not for loan Permanent Location Current Location Shelving location Date acquired Total Checkouts Total Renewals Full call number Barcode Date last seen Date last checked out Copy number Price effective from Koha item type
          UAP Central Library UAP Central Library General Stacks 2020-12-24 1 2 658.8 KOT 3010009777 2026-05-10 2026-02-25 1 2020-12-24 Book
          UAP Central Library UAP Central Library Reserve Stacks 2020-12-24     658.8 KOT 3010012857 2021-01-30   2 2020-12-24 Book

All rights reserved © UAP Central Library,
University of Asia Pacific.